Statistics for 10 Heaviest Populated US Citied Ending In O

Click here to take the quiz!

General Stats

  • This quiz has been taken 58 times
    (17 since last reset)
  • The average score is 6 of 12

Answer Stats

PopAnswer% Correct
2.6millChicago
100%
238kOrlando
75%
1.3millSan Diego
75%
805kSan Francisco
75%
1.3millSan Antonio
67%
649kEl Paso
50%
494kFresno
50%
495kSacramento
50%
287kToledo
42%
259kPlano
33%
261kBuffalo
25%
269kGreensboro
0%

Score Distribution

Percentile by Number Answered

Percent of People with Each Score

Your Score History

You have not taken this quiz since the last reset